APEC Schools

Confusing words in action : through pictures : 1 / (Record no. 8224)

000 -LEADER
fixed length control field nam a22 7a 4500
005 - DATE AND TIME OF LATEST TRANSACTION
control field 20191018061245.0
008 - FIXED-LENGTH DATA ELEMENTS--GENERAL INFORMATION
fixed length control field 191018b xxu||||| |||| 00| 0 eng d
020 ## - IDENTIFIER FOR THE MANIFESTATION
Identifier for the Manifestation 9789814333689
Binding paperback
040 ## - CATALOGING SOURCE
Language of Cataloging eng
Transcribing Agency APEC Schools Library
Description Conventions rda
082 ## - DEWEY DECIMAL CLASSIFICATION NUMBER
Classification number C 428.2
Author's Number C978c 2013
100 ## - CREATOR
Preferred Name of the Person Curtis, Stephen
245 ## - TITLE AND STATEMENT OF RESPONSIBILITY
Preferred Title Proper Confusing words in action : through pictures : 1 /
Statement of Responsibility/Parallel Statement of Responsibility Stephen Curtis
264 ## - PUBLICATION STATEMENT
Place of publication, distribution, etc Mindview, Singapore :
Publisher's Name/Parallel Publisher's Name Learners Publishing,
Copyright ©2013.
300 ## - PHYSICAL DESCRIPTION
Extent 125 pages :
Illustrative Content colored illustrations ;
336 ## - RDA CONTENT
Source rdacontent
Content Type text
337 ## - RDA MEDIA
Source rdamedia
Media Type unmediated
338 ## - RDA CARRIER
Source rdacarrier
Carrier Type volume
650 ## - ADDED SUBJECT ACCESS POINT - TOPICAL TERM
Topical Term English language
Form Subdivision Grammar.
650 ## - ADDED SUBJECT ACCESS POINT - TOPICAL TERM
Topical Term English language
Form Subdivision Grammar
General Subdivision Study and teaching.
942 ## - ADDED ENTRY ELEMENTS (KOHA)
Source of Classification
Koha Item Type Non Fiction
Holdings
Library Site Location Shelving Location Source of Acquisition Full Classification Number Accession Number Koha Item Type
APEC Grace Park West Library APEC Grace Park West Library Circulation Institutional Fund C 428.2 C978c 2013 A09-0000363 Non Fiction
APEC JRU Lipa Library APEC JRU Lipa Library Circulation Institutional Fund C 428.2 C978c 2013 B12-0000461 Non Fiction
APEC Las Piñas Library APEC Las Piñas Library Circulation Institutional Fund C 428.2 C978c 2013 C01-0000340 Non Fiction
APEC Marikina Heights Library APEC Marikina Heights Library Circulation Institutional Fund C 428.2 C978c 2013 A08-0000299 Non Fiction
APEC Muntinlupa Library APEC Muntinlupa Library Circulation Institutional Fund C 428.2 C978c 2013 B01-0000326 Non Fiction
APEC New Manila Library APEC New Manila Library Circulation Institutional Fund C 428.2 C978c 2013 C03-0000335 Non Fiction
APEC Ortigas Extension, Cainta Library APEC Ortigas Extension, Cainta Library Circulation Institutional Fund C 428.2 C978c 2013 B09-0000334 Non Fiction
APEC Roxas Boulevard Library APEC Roxas Boulevard Library Circulation Institutional Fund C 428.2 C978c 2013 B06-0000309 Non Fiction
APEC San Pablo, Laguna Library APEC San Pablo, Laguna Library Circulation Institutional Fund C 428.2 C978c 2013 D01-0000139 Non Fiction
APEC Silangan, Pateros Library APEC Silangan, Pateros Library Circulation Institutional Fund C 428.2 C978c 2013 B07-0000399 Non Fiction
APEC Sta. Rita Library APEC Sta. Rita Library Circulation Institutional Fund C 428.2 C978c 2013 B02-0000413 Non Fiction
APEC Tondo Library APEC Tondo Library Circulation Institutional Fund C 428.2 C978c 2013 A10-0000323 Non Fiction
APEC V. Luna Library APEC V. Luna Library Circulation Institutional Fund C 428.2 C978c 2013 A01-0000354 Non Fiction

Powered by Koha